AK’s General Knowledge A-Z #90 - Statistics

General Stats
  • This quiz has been taken 273 times
  • The average score is 16 of 26
Answer Stats
Hint Answer % Correct
A – abcdefghijklmnopqrstuvwxyz Alphabet
99%
D – country where Den lille Havfrue and Aarhus Kunstmuseum are located Denmark
98%
B – Batman actor Christian, or Welsh footballer (soccer player) Gareth Bale
93%
Y – the yellow part of an egg Yolk
90%
Z – first name used by 1987-born actor Efron Zac
87%
O – “poppy tears” that caused wars Opium
80%
E – first name of Taylor, the highest paid movie star in the 1960s Elizabeth
79%
S – John Coltrane’s instrument Saxophone
76%
U – person who utilizes a computer or network service, or a drug addict User
76%
C – Nicolaus who formulated a model of the universe that placed the Sun at its centre Copernicus
74%
L – signed his album Double Fantasy for his murderer in 1980 before was shot John Lennon
74%
K – Basseterre is the largest port on the island of Saint _____ Kitts
74%
V – first name of authors Vallejo (Loving Pablo, Hating Escobar) and Woolf (Mrs Dalloway) Virginia
66%
R – location of the largest port in Europe Rotterdam
64%
H – Chinese multinational technology corporation whose name is sometimes spelled Wow Way Huawei
62%
W – was ten days for Egyptians and eight days for Etruscans Week
61%
G – the largest island in Europe Great Britain
59%
T – caudal appendage of an animal, or what can be done to a suspect Tail
57%
F – Peter who had the leading role in Columbo Falk
49%
P – follows poison, precedes knife Pen
49%
M – Lake ______ (has more species of fish than any other lake in the world), or country formerly known as Nyasaland Malawi
43%
J – John Grisham’s legal thriller The Runaway ____ Jury
42%
N – the fourth-most populous city in Japan and the largest metro area in the world that starts with N Nagoya
31%
I – upper bone on each side of pelvis, or a word meaning Troy (gave name to a famous epic poem) Ilium
25%
X – a science fiction video game franchise featuring an elite international organization tasked with countering alien invasions of Earth X.COM
11%
Q – Miss ___________, the secretary of Scrooge McDuck (also known as Miss Typefast) Quackfaster
3%
No matching quizzes found
Score Distribution
Percent of People with Each Score
Percentile by Number Answered
Your Score History
You have not taken this quiz